000 00193 a2200097 4500
001 2463
100 _aFlight, Staff
245 _aFlight Handbook
260 _a
_bIliffe
_c
090 _c1782
_d1782
942 _aNUST-CAE
_cM
_c8691
999 _c237536
_d237536